|
|
แสดงรายละเอียดบรรณานุกรม |
|
|
Brief Record
: Get Marc (ISO 2709)
: E-mail record
: |
| LEADER 00000nama 2200000uu 4500 | |||
| 008 040531s2536 th m m a000 0 tha d | |||
| 020 974-565-531-7 | |||
| 041 tha | |||
| 050 WI100 ก581 | |||
| 100 กำพล กลั่นกลิ่น | |||
| 245 อาการโรคระบบทางเดินอาหารที่พบบ่อยและการบำบัด 001 | |||
| 250 2 | |||
| 260 กรุงเทพฯ พีบี พอเรน บุคส์ เซนเตอร์ 2536 | |||
| 300 370 หน้า | |||
| 500 มีบรรณาธิการท้ายบทและดัชนีท้าย | |||
| 650 กระเพาะอาหารและลำไส้,โรคระบบ - การรักษา โรคระบบทางเดินอาหาร | |||
| 998 1998-02-26 | |||
| คุณยังไม่ได้ล็อกอิน คุณสามารถมีกิจกรรมร่วมกับเว็บไซต์ได้ แต่ต้องล็อกอินก่อน :: |
|
| สถานะ | |||||||||
| 1. | หนังสือทั่วไป | WI100 ก581 2536 | On Shelf ขอยืม | ||||||
| 2. | หนังสือทั่วไป | WI100 ก581 2536 | On Shelf ขอยืม | ||||||
| 3. | หนังสือทั่วไป | WI100 ก581 2536 | On Shelf ขอยืม | ||||||
| [แสดง 3/3 รายการ] | |||||||||
BibComment |
| คอมเมนท์ทรัพยากรรายการนี้ |
|
|